000 01045nam a22003257a 4500
001 2472048
003 OSt
005 20210426120956.0
008 900523s1991 nyu b 001 0 eng
010 _a 90055541
020 _a006016574X
040 _aDLC
_cDLC
_beng
041 _aeng
050 0 0 _aD383
_b.J64 1991
080 _a94
_bJ-74
082 0 0 _a909.81
_220
100 1 _aJohnson, Paul,
_d1928-
245 1 4 _aThe birth of the modern :
_bworld society, 1815-1830 /
_c/ by: HarperCollins Publishers
250 _a1st edition
260 _aNew York, NY :
_bHarperCollins Publishers
_cc1991.
300 _axx, 1095 p. ;
_c24 cm.
365 _b35 usd
504 _aIncludes bibliographical references (p. 1001-1071) and index.
650 0 _aHistory, Modern
_y19th century.
650 0 _aCivilization, Modern
_y19th century.
653 _aისტორია
906 _a7
_bcbc
_corignew
_d2
_eocip
_f19
_gy-gencatlg
942 _2udc
_cBK
_e1
999 _c1040
_d1040